[Event "IND-chT 41st"]
[Site "Jalgaon"]
[Date "2022.04.08"]
[Round "1.1"]
[White "Raj, Sidapara"]
[Black "Harsha, Bharathakoti"]
[Result "0-1"]
[WhiteElo "1214"]
[BlackElo "2554"]
[PlyCount "76"]
[EventDate "2022.04.08"]
[EventType "team-swiss"]
[EventRounds "9"]
[EventCountry "IND"]
[SourceTitle "CBM 208 Extra"]
[Source "ChessBase"]
[SourceDate "2022.07.31"]
[SourceVersion "1"]
[SourceVersionDate "2022.07.31"]
[SourceQuality "1"]
[WhiteTeam "Gujarat"]
[BlackTeam "Airports Authority"]
[WhiteTeamCountry "IND"]
[BlackTeamCountry "IND"]

1. e4 g6 2. d4 Bg7 3. Nc3 d6 4. Bc4 a6 5. Nf3 b5 6. Bd5 c6 7. Bb3 Nf6 8. a3 0-0 9. 0-0 Bg4 10. h3 Bxf3 11. Qxf3 Nbd7 12. Be3 Qc7 13. Rfe1 c5 14. dxc5 dxc5 15. Bf4 Ne5 16. Qe3 e6 17. Bh6 Bxh6 18. Qxh6 c4 19. Ba2 Qc5 20. Qf4 Nh5 21. Qe3 Qxe3 22. Rxe3 Rfd8 23. g4 Nf4 24. Ne2 g5 25. b3 Rd2 26. Nxf4 gxf4 27. Rc3 h5 28. f3 hxg4 29. hxg4 Kg7 30. bxc4 Rh8 31. Rf1 Rhh2 32. Re1 Rxc2 33. Rxc2 Rxc2 34. Bb1 Nxf3+ 35. Kf1 Nxe1 36. Bxc2 Nxc2 37. c5 Nd4 38. Kf2 a5 0-1